[Event "North American op"]
[Site "Las Vegas USA"]
[Date "2019.12.29"]
[Round "7"]
[White "Wang, Richard"]
[Black "Kretchetov, Alexandre"]
[Result "1-0"]
[WhiteElo "2342"]
[BlackElo "2220"]
[PlyCount "97"]
[GameId "2130307599722698"]
[EventDate "2019.12.26"]
[EventType "swiss"]
[EventRounds "9"]
[EventCountry "USA"]
[SourceTitle "10 Days #601"]
[Source "ChessMix"]
[SourceDate "2020.01.01"]
[SourceVersion "1"]
[SourceVersionDate "2020.01.01"]
[SourceQuality "1"]

1. d4 Nf6 2. Nf3 g6 3. c4 Bg7 4. Nc3 d6 5. h3 O-O 6. e4 e5 7. d5 a5 8. Bg5 Na6 9. Nd2 Qe8 10. g4 Kh8 11. a3 Bd7 12. Bd3 Nc5 13. Bc2 a4 14. Qf3 Ng8 15. O-O-O f6 16. Be3 Bh6 17. Bxc5 dxc5 18. Kb1 Ne7 19. h4 Nc8 20. g5 fxg5 21. Qe3 Qe7 22. Rdg1 Rf4 23. hxg5 Bf8 24. Ne2 Rg4 25. Rxg4 Bxg4 26. f3 Bd7 27. f4 Nd6 28. Qxc5 Bg4 29. Qf2 Kg8 30. Nc3 Bg7 31. Qh4 Bh5 32. f5 Bf8 33. f6 Qd7 34. Qh2 b5 35. Qxe5 Nf7 36. Qe6 Bg4 37. Qxd7 Bxd7 38. cxb5 Bc5 39. Bxa4 Nxg5 40. Bb3 Nf7 41. d6 h5 42. e5 Bf5+ 43. Ka2 Kf8 44. Nde4 Bd4 45. e6 Nxd6 46. Nxd6 cxd6 47. e7+ Ke8 48. Nd5 Kd7 49. f7 1-0

[Event "North American op"]
[Site "Las Vegas USA"]
[Date "2019.12.30"]
[Round "9.3"]
[White "Mitkov, N1."]
[Black "Wang, Richard"]
[Result "1-0"]
[WhiteElo "2508"]
[BlackElo "2342"]
[PlyCount "53"]
[GameId "2130307599722714"]
[EventDate "2019.12.26"]
[EventType "swiss"]
[EventRounds "9"]
[EventCountry "USA"]
[SourceTitle "The Week in Chess 1313"]
[Source "Mark Crowther"]
[SourceDate "2020.01.06"]
[SourceVersion "1"]
[SourceVersionDate "2020.01.06"]
[SourceQuality "2"]

1. e4 c5 2. Nc3 Nc6 3. Bb5 Nd4 4. Bc4 d6 5. Nge2 Nf6 6. d3 Nxe2 7. Qxe2 e6 8. g4 h6 9. f4 Be7 10. Bd2 a6 11. Qg2 Nd7 12. a4 b6 13. O-O Bb7 14. f5 Nf8 15. fxe6 fxe6 16. a5 Bf6 17. axb6 Qe7 18. Qh3 g6 19. Rae1 O-O-O 20. Ra1 Bd4+ 21. Be3 d5 22. Bxa6 Bxe3+ 23. Qxe3 d4 24. Bxb7+ Qxb7 25. Qg3 Qxb6 26. Ra8+ Kb7 27. Na4 1-0

[Event "Pan-Am intercoll."]
[Site "Columbus USA"]
[Date "2017.12.30"]
[Round "6.2"]
[White "Wang, Richard"]
[Black "Swiercz, Dariusz"]
[Result "1/2-1/2"]
[WhiteElo "2337"]
[BlackElo "2649"]
[PlyCount "134"]
[GameId "2130307623794659"]
[EventDate "2017.12.27"]
[EventType "team"]
[EventRounds "6"]
[EventCountry "USA"]
[SourceTitle "10 Days #530"]
[Source "Chess Mix"]
[SourceDate "2018.01.10"]
[SourceVersion "1"]
[SourceVersionDate "2018.01.10"]
[SourceQuality "1"]
[WhiteTeam "HARVARD CRIMSON"]
[BlackTeam "ST LOUIS UNIV"]

1. d4 Nf6 2. Nf3 d5 3. e3 e6 4. Bd3 b6 5. b3 Bb7 6. Bb2 Nbd7 7. O-O g6 8. Ne5 Bg7 9. f4 O-O 10. Nd2 c5 11. Qe2 Rc8 12. Rad1 Qc7 13. c4 Rcd8 14. Ndf3 dxc4 15. bxc4 Ne4 16. Qc2 f5 17. Nxd7 Rxd7 18. Ne5 Rdd8 19. Be2 Rfe8 20. Qa4 Bxe5 21. fxe5 Qc6 22. Qxc6 Bxc6 23. d5 Ba4 24. Rd3 exd5 25. Ra3 Bc6 26. Rxa7 Ra8 27. Rxa8 Rxa8 28. a3 Kf7 29. g4 Ke6 30. Rf4 Rg8 31. Kf1 Nd2+ 32. Ke1 Nxc4 33. Bxc4 dxc4 34. Rxc4 h5 35. g5 Rd8 36. Rc2 Be4 37. Rd2 Bd3 38. Bc3 b5 39. Kd1 h4 40. Kc1 h3 41. Ba5 Rd5 42. Bc7 c4 43. Bd6 c3 44. Rd1 Kd7 45. Bb4 c2 46. Rd2 Ke6 47. Bc3 Rd7 48. Kb2 Rd8 49. Kc1 Rd5 50. Kb2 Be4 51. Bd4 Rd7 52. Kc1 Rd5 53. Kb2 Rd8 54. Kc1 Rd7 55. Kb2 Rc7 56. Kc1 Rc4 57. Bb2 Bd5 58. Bd4 Be4 59. Bb2 Bd5 60. Bd4 Ra4 61. Rxc2 f4 62. Kb2 b4 63. axb4 Rxb4+ 64. Kc3 Rb3+ 65. Kd2 Be4 66. Rb2 fxe3+ 67. Ke2 Rxb2+ 1/2-1/2

[Event "USA Chess League"]
[Site "ICC INT"]
[Date "2015.10.07"]
[Round "7"]
[White "Wang, Richard"]
[Black "Izoria, Zviad"]
[Result "1-0"]
[WhiteElo "2341"]
[BlackElo "2573"]
[PlyCount "91"]
[GameId "2130307655074631"]
[EventDate "2015.08.25"]
[EventType "team"]
[EventRounds "10"]
[EventCountry "USA"]
[SourceTitle "Mega2015 Update 50"]
[Source "Chessbase"]
[SourceDate "2015.11.05"]
[SourceVersion "1"]
[SourceVersionDate "2015.11.05"]
[SourceQuality "1"]
[WhiteTeam "Boston"]
[BlackTeam "Manhattan"]
[WhiteTeamCountry "USA"]
[BlackTeamCountry "USA"]

1. d4 e6 2. Nf3 c5 3. e3 d5 4. Bd3 c4 5. Be2 b5 6. a4 b4 7. c3 bxc3 8. Nxc3 Nc6 9. b3 Qa5 10. Bd2 Bb4 11. Rc1 cxb3 12. Qxb3 Nge7 13. O-O O-O 14. Bb5 Rb8 15. Qc2 Ba6 16. Bxa6 Qxa6 17. Nb5 Bxd2 18. Nxd2 Rfc8 19. Qd1 Qa5 20. Rc5 Qb4 21. Qc2 Na5 22. Rb1 Rxc5 23. dxc5 Qg4 24. Nxa7 Rxb1+ 25. Qxb1 h6 26. Qb5 Nc4 27. Nf3 Nf5 28. h3 Qe4 29. c6 Ncd6 30. c7 Qc2 31. c8=Q+ Nxc8 32. Qe8+ Kh7 33. Nxc8 d4 34. exd4 Nxd4 35. Ne7 Nxf3+ 36. gxf3 Qc1+ 37. Kg2 Qg5+ 38. Kf1 Qc1+ 39. Ke2 Qc2+ 40. Ke3 Qc3+ 41. Kf4 Qc7+ 42. Kg4 h5+ 43. Kxh5 Qe5+ 44. Kg4 f5+ 45. Kh5 f4+ 46. Kg4 1-0

[Event "USA Chess League"]
[Site "ICC INT"]
[Date "2015.10.13"]
[Round "8"]
[White "Paragua, Mark"]
[Black "Wang, Richard"]
[Result "1-0"]
[WhiteElo "2509"]
[BlackElo "2341"]
[PlyCount "109"]
[GameId "2130307655074654"]
[EventDate "2015.08.25"]
[EventType "team"]
[EventRounds "10"]
[EventCountry "USA"]
[SourceTitle "Mega2015 Update 50"]
[Source "Chessbase"]
[SourceDate "2015.11.05"]
[SourceVersion "1"]
[SourceVersionDate "2015.11.05"]
[SourceQuality "1"]
[WhiteTeam "New York"]
[BlackTeam "Boston"]
[WhiteTeamCountry "USA"]
[BlackTeamCountry "USA"]

1. d4 d5 2. c4 c6 3. Nf3 Nf6 4. Nc3 dxc4 5. a4 Bf5 6. Nh4 e6 7. Nxf5 exf5 8. e3 Bb4 9. Bxc4 O-O 10. Qc2 g6 11. O-O Nbd7 12. f3 Rc8 13. Qb3 c5 14. d5 Nb6 15. e4 Bxc3 16. Qxc3 Nxc4 17. Qxc4 Re8 18. Bg5 Qd6 19. exf5 Qxd5 20. Qxd5 Nxd5 21. fxg6 hxg6 22. Rfd1 Nb6 23. a5 Nc4 24. Rd7 b6 25. axb6 axb6 26. Raa7 Ne5 27. Rdb7 Re6 28. h3 Nc6 29. Ra6 f6 30. Bh6 Nd4 31. Rg7+ Kh8 32. Raa7 Nf5 33. Rxg6 Rg8 34. Rxg8+ Kxg8 35. Bd2 Re2 36. Bc3 Ne3 37. Re7 Rxg2+ 38. Kh1 Re2 39. Bxf6 b5 40. h4 Kf8 41. Re4 c4 42. h5 Kf7 43. Bg5 Nf5 44. Rxe2 Ng3+ 45. Kg2 Nxe2 46. Bd2 Nd4 47. f4 Ke6 48. Bc3 Nf5 49. Kf3 Nh6 50. Bg7 Nf5 51. Bf8 Kf7 52. Bb4 Ke6 53. Be1 Nh6 54. Bc3 Nf5 55. Kg4 1-0

[Event "USA Chess League"]
[Site "ICC INT"]
[Date "2015.10.20"]
[Round "9"]
[White "Francisco, Richard"]
[Black "Wang, Richard"]
[Result "1/2-1/2"]
[WhiteElo "2271"]
[BlackElo "2341"]
[PlyCount "160"]
[GameId "2130307655074666"]
[EventDate "2015.08.25"]
[EventType "team"]
[EventRounds "10"]
[EventCountry "USA"]
[SourceTitle "Mega2015 Update 50"]
[Source "Chessbase"]
[SourceDate "2015.11.05"]
[SourceVersion "1"]
[SourceVersionDate "2015.11.05"]
[SourceQuality "1"]
[WhiteTeam "Atlanta"]
[BlackTeam "Boston"]
[WhiteTeamCountry "USA"]
[BlackTeamCountry "USA"]

1. e4 c5 2. Nf3 g6 3. d4 cxd4 4. Qxd4 Nf6 5. Nc3 Nc6 6. Qa4 d6 7. e5 dxe5 8. Nxe5 Bd7 9. Nxd7 Qxd7 10. Be3 Bg7 11. Rd1 Qc8 12. Be2 O-O 13. O-O a6 14. Qh4 Qf5 15. g4 Qc8 16. g5 Nd7 17. Bg4 Nce5 18. Nd5 Re8 19. Be2 Qxc2 20. Rd2 Qc6 21. f4 Nc4 22. Rc1 b5 23. Qh3 e6 24. Nb4 Qe4 25. Bxc4 bxc4 26. Rxd7 a5 27. Nc2 Bxb2 28. Qg2 Qxg2+ 29. Kxg2 Bxc1 30. Bxc1 Red8 31. Rc7 Rac8 32. Rxc8 Rxc8 33. Kf3 Rd8 34. Ke2 Rd3 35. Ne3 h5 36. gxh6 Kh7 37. Bd2 a4 38. Nxc4 Rh3 39. Ne5 Rxh2+ 40. Kd3 f6 41. Nd7 f5 42. Nf8+ Kxh6 43. Nxe6 Kh5 44. Nc5 a3 45. Nd7 Rh1 46. Kc2 Ra1 47. Kb3 Rb1+ 48. Kxa3 Rd1 49. Nf6+ Kh4 50. Bc3 g5 51. fxg5 Kxg5 52. Kb2 Rd6 53. a4 Re6 54. Nd5 Kg4 55. Bd2 Rd6 56. Ne3+ Kf3 57. Kc2 f4 58. Nc4 Rf6 59. Kd3 Kg2 60. Ke4 f3 61. Ne3+ Kg3 62. Bc3 Rf4+ 63. Kd3 Rxa4 64. Be5+ Kh3 65. Nf1 Kg2 66. Ne3+ Kg1 67. Nd1 Ra3+ 68. Ke4 Kg2 69. Bd4 Ra4 70. Ne3+ Kg3 71. Nd1 Kg2 72. Ne3+ Kg3 73. Nd1 Rb4 74. Ke5 Rb1 75. Nf2 Re1+ 76. Kd5 Re2 77. Ne4+ Kg2 78. Bc5 Rxe4 79. Kxe4 f2 80. Bxf2 Kxf2 1/2-1/2

[Event "USA Chess League"]
[Site "ICC INT"]
[Date "2015.10.27"]
[Round "10"]
[White "Wang, Richard"]
[Black "Vigorito, David"]
[Result "0-1"]
[WhiteElo "2341"]
[BlackElo "2415"]
[PlyCount "82"]
[GameId "2130307655078808"]
[EventDate "2015.08.25"]
[EventType "team"]
[EventRounds "10"]
[EventCountry "USA"]
[SourceTitle "Mega2015 Update 50"]
[Source "Chessbase"]
[SourceDate "2015.11.05"]
[SourceVersion "1"]
[SourceVersionDate "2015.11.05"]
[SourceQuality "1"]
[WhiteTeam "Boston"]
[BlackTeam "New England"]
[WhiteTeamCountry "USA"]
[BlackTeamCountry "USA"]

1. d4 d5 2. Nf3 c6 3. e3 Bf5 4. c4 e6 5. Nc3 Nd7 6. Bd3 Bxd3 7. Qxd3 Ngf6 8. O-O Bb4 9. Bd2 a5 10. a3 Be7 11. e4 Nc5 12. dxc5 dxe4 13. Qxd8+ Rxd8 14. Nxe4 Nxe4 15. Bxa5 Ra8 16. Bb4 Bxc5 17. Bxc5 Nxc5 18. Rfd1 Ke7 19. Kf1 Rhd8 20. Ke2 f6 21. Rac1 e5 22. Rxd8 Rxd8 23. Rc3 h5 24. h4 Ke6 25. Nd2 Rd4 26. g3 g5 27. hxg5 Rxd2+ 28. Kxd2 Ne4+ 29. Kd3 Nxc3 30. bxc3 fxg5 31. Ke4 c5 32. a4 b6 33. Ke3 Kf5 34. f3 g4 35. Kf2 gxf3 36. Kxf3 e4+ 37. Ke3 Kg4 38. Kxe4 Kxg3 39. Kd5 h4 40. Kc6 h3 41. Kxb6 h2 0-1

[Event "WTch-U16"]
[Site "Gyor HUN"]
[Date "2014.12.13"]
[Round "1.6"]
[White "Kavon, Rastislav"]
[Black "Wang, Richard"]
[Result "0-1"]
[WhiteElo "2153"]
[BlackElo "2363"]
[PlyCount "80"]
[GameId "2130307663296751"]
[EventDate "2014.12.13"]
[EventType "team"]
[EventRounds "10"]
[EventCountry "HUN"]
[SourceTitle "The Week in Chess 1049"]
[Source "Mark Crowther"]
[SourceDate "2014.12.15"]
[SourceVersion "1"]
[SourceVersionDate "2014.12.15"]
[SourceQuality "2"]
[WhiteTeam "Slovakia West"]
[BlackTeam "Canada 1"]

1. e4 e6 2. d4 d5 3. Nc3 Bb4 4. e5 c5 5. a3 Bxc3+ 6. bxc3 Qa5 7. Bd2 Qa4 8. Nf3 Nc6 9. Be3 Nge7 10. Be2 Nf5 11. O-O O-O 12. g4 Nxe3 13. fxe3 b6 14. Qd3 c4 15. Qd2 f6 16. exf6 Rxf6 17. e4 Bd7 18. e5 Rf7 19. Ng5 Rxf1+ 20. Bxf1 Rf8 21. Nh3 Qa5 22. Bg2 Be8 23. Ng5 Nd8 24. h4 h6 25. Nh3 h5 26. gxh5 Bxh5 27. Ng5 Bg4 28. Kh2 Nf7 29. Nxf7 Rxf7 30. Kg3 Bf5 31. Bf3 Qa4 32. Bg4 Bxg4 33. Kxg4 Rf5 34. Kh3 Qb5 35. Rg1 Qb2 36. Rg6 Qxa3 37. Rxe6 Qa1 38. Kg4 Qf1 39. Qe3 Rf2 40. Kh5 Qd1+ 0-1

[Event "WTch-U16"]
[Site "Gyor HUN"]
[Date "2014.12.14"]
[Round "2.4"]
[White "Wang, Richard"]
[Black "Tica, Sven"]
[Result "1-0"]
[WhiteElo "2363"]
[BlackElo "2236"]
[PlyCount "125"]
[GameId "2130307663300940"]
[EventDate "2014.12.13"]
[EventType "team"]
[EventRounds "10"]
[EventCountry "HUN"]
[SourceTitle "The Week in Chess 1049"]
[Source "Mark Crowther"]
[SourceDate "2014.12.15"]
[SourceVersion "1"]
[SourceVersionDate "2014.12.15"]
[SourceQuality "2"]
[WhiteTeam "Canada 1"]
[BlackTeam "Croatia"]
[BlackTeamCountry "CRO"]

1. d4 Nf6 2. Nf3 d6 3. c4 g6 4. Nc3 Bg7 5. h3 O-O 6. e4 e5 7. d5 Nbd7 8. Bg5 a5 9. g4 Nc5 10. Nd2 Qd7 11. Rg1 Ne8 12. Nb3 b6 13. Nxc5 dxc5 14. Bd3 Nd6 15. Qe2 Bb7 16. O-O-O Rae8 17. Bc2 f6 18. Ba4 b5 19. Nxb5 fxg5 20. Nxd6 Qxa4 21. Nxe8 Rxe8 22. Rg3 Ba6 23. Ra3 Qb4 24. Rc3 Bf8 25. Qc2 a4 26. a3 Qa5 27. Rf3 Bd6 28. Qc3 Qb6 29. Qc2 Qa5 30. Rd2 Kg7 31. Qc3 Qb6 32. Qc2 Qa5 33. Qc3 Qb6 34. Rc2 Rb8 35. Qe3 Qa5 36. Qc3 Qb6 37. Qe3 Qa5 38. Qd2 Qxd2+ 39. Kxd2 Bc8 40. Kc1 Bd7 41. Rcc3 h5 42. Rg3 Be7 43. Kb1 c6 44. Ka2 cxd5 45. cxd5 Bb5 46. gxh5 gxh5 47. d6 Bxd6 48. Rxg5+ Kh6 49. Rf5 Rf8 50. Rxf8 Bxf8 51. Rf3 Bg7 52. b3 Bc6 53. Rc3 axb3+ 54. Kxb3 Bf8 55. Rf3 Bg7 56. Re3 Kg5 57. Kc4 Kf4 58. Rg3 Bh8 59. Rg8 Bf6 60. Rg6 Bxe4 61. Rxf6+ Bf5 62. a4 Kg5 63. Rxf5+ 1-0

[Event "WTch-U16"]
[Site "Gyor HUN"]
[Date "2014.12.14"]
[Round "3.6"]
[White "Wang, Richard"]
[Black "Marosi, Levente"]
[Result "1/2-1/2"]
[WhiteElo "2363"]
[BlackElo "2211"]
[PlyCount "92"]
[GameId "2130307663309233"]
[EventDate "2014.12.13"]
[EventType "team"]
[EventRounds "10"]
[EventCountry "HUN"]
[SourceTitle "The Week in Chess 1049"]
[Source "Mark Crowther"]
[SourceDate "2014.12.15"]
[SourceVersion "1"]
[SourceVersionDate "2014.12.15"]
[SourceQuality "2"]
[WhiteTeam "Canada 1"]
[BlackTeam "Hungary 3"]

1. d4 Nf6 2. Nf3 g6 3. Nc3 d5 4. Bf4 Bg7 5. e3 O-O 6. Be2 c5 7. O-O Ne4 8. Nxe4 dxe4 9. Ne5 Nc6 10. c3 Nxe5 11. dxe5 Qxd1 12. Rfxd1 Be6 13. f3 exf3 14. Bxf3 Rab8 15. Bd5 Rfd8 16. Bxe6 fxe6 17. a4 Kf7 18. h4 Ke8 19. e4 Rxd1+ 20. Rxd1 Rd8 21. Rf1 h5 22. Kf2 b6 23. Ke2 Rd7 24. Ra1 a6 25. Rb1 Rb7 26. Kd3 Rd7+ 27. Kc4 Rc7 28. Rd1 Rc8 29. Rd3 Rc7 30. Rg3 Kf7 31. Rd3 Ke8 32. g4 hxg4 33. Rg3 Kf7 34. Rxg4 Rc8 35. Rg1 Rh8 36. Rf1 Ke8 37. a5 bxa5 38. Bg3 Rh5 39. Kxc5 Bxe5 40. Bxe5 Rxe5+ 41. Kd4 Rb5 42. Rf2 a4 43. Rg2 Kf7 44. Rf2+ Ke8 45. Rg2 Kf7 46. Rf2+ Ke8 1/2-1/2

[Event "WTch-U16"]
[Site "Gyor HUN"]
[Date "2014.12.15"]
[Round "4.4"]
[White "Abdusattorova, Bakhora"]
[Black "Wang, Richard"]
[Result "0-1"]
[WhiteElo "2216"]
[BlackElo "2363"]
[PlyCount "54"]
[GameId "2130307663309317"]
[EventDate "2014.12.13"]
[EventType "team"]
[EventRounds "10"]
[EventCountry "HUN"]
[SourceTitle "The Week in Chess 1049"]
[Source "Mark Crowther"]
[SourceDate "2014.12.15"]
[SourceVersion "1"]
[SourceVersionDate "2014.12.15"]
[SourceQuality "2"]
[WhiteTeam "Uzbekistan"]
[BlackTeam "Canada 1"]
[WhiteTeamCountry "UZB"]

1. d4 d5 2. c4 c6 3. cxd5 cxd5 4. Bf4 Nc6 5. e3 Nf6 6. Nc3 Bf5 7. Qb3 Na5 8. Qa4+ Bd7 9. Qc2 e6 10. Bd3 Bb4 11. Nf3 Nh5 12. Be5 f6 13. Bxh7 fxe5 14. Qg6+ Kf8 15. Qxh5 Be8 16. Qh3 e4 17. Ne5 Nc6 18. f4 Nxe5 19. fxe5 Bxc3+ 20. bxc3 Qg5 21. Rf1+ Ke7 22. Rf4 Bh5 23. Rh4 Rxh7 24. g4 Bg6 25. Rxh7 Bxh7 26. Qxh7 Qxe3+ 27. Kd1 Qd3+ 0-1

[Event "WTch-U16"]
[Site "Gyor HUN"]
[Date "2014.12.18"]
[Round "6.3"]
[White "Macovei, Andrei"]
[Black "Wang, Richard"]
[Result "1/2-1/2"]
[WhiteElo "2168"]
[BlackElo "2363"]
[PlyCount "92"]
[GameId "2130307663321796"]
[EventDate "2014.12.13"]
[EventType "team"]
[EventRounds "10"]
[EventCountry "HUN"]
[SourceTitle "The Week in Chess 1050"]
[Source "Mark Crowther"]
[SourceDate "2014.12.22"]
[SourceVersion "1"]
[SourceVersionDate "2014.12.22"]
[SourceQuality "2"]
[WhiteTeam "Moldova"]
[BlackTeam "Canada 1"]
[WhiteTeamCountry "MDA"]

1. e4 e6 2. d4 d5 3. Nc3 Bb4 4. e5 c5 5. a3 Bxc3+ 6. bxc3 Qa5 7. Bd2 Qa4 8. Qg4 Kf8 9. Qd1 b6 10. dxc5 bxc5 11. c4 Ba6 12. cxd5 Bxf1 13. Kxf1 exd5 14. f4 Nc6 15. Nf3 Nge7 16. c3 Qxd1+ 17. Rxd1 Rb8 18. Ke2 Ke8 19. Rb1 Kd7 20. Be3 c4 21. Bc5 f6 22. Bd6 Rb6 23. Kd2 fxe5 24. fxe5 Na5 25. Rxb6 axb6 26. Nd4 Rf8 27. Rb1 Nb3+ 28. Nxb3 cxb3 29. Bxe7 Kxe7 30. Ke3 Ke6 31. Rxb3 Kxe5 32. Rxb6 Ra8 33. Rb3 Ra4 34. Kd3 h5 35. Rb7 g5 36. Rg7 Kf6 37. Rd7 Ke6 38. Rg7 Kf6 39. Rd7 Rxa3 40. Rxd5 Ra2 41. h4 Rxg2 42. Rxg5 Rxg5 43. hxg5+ Kxg5 44. Ke3 Kf5 45. Kf3 h4 46. c4 Ke5 1/2-1/2

[Event "WTch-U16"]
[Site "Gyor HUN"]
[Date "2014.12.18"]
[Round "7.2"]
[White "Wang, Richard"]
[Black "Aravindh, Chithambaram VR"]
[Result "0-1"]
[WhiteElo "2363"]
[BlackElo "2476"]
[PlyCount "140"]
[GameId "2130307663321887"]
[EventDate "2014.12.13"]
[EventType "team"]
[EventRounds "10"]
[EventCountry "HUN"]
[SourceTitle "The Week in Chess 1050"]
[Source "Mark Crowther"]
[SourceDate "2014.12.22"]
[SourceVersion "1"]
[SourceVersionDate "2014.12.22"]
[SourceQuality "2"]
[WhiteTeam "Canada 1"]
[BlackTeam "India"]
[BlackTeamCountry "IND"]

1. d4 Nf6 2. Nf3 d5 3. e3 g6 4. c4 Bg7 5. cxd5 Nxd5 6. e4 Nb6 7. Nc3 O-O 8. Be3 Bg4 9. Be2 Nc6 10. d5 Bxf3 11. gxf3 Ne5 12. f4 Nec4 13. Bxc4 Nxc4 14. Qb3 Nxe3 15. fxe3 e5 16. O-O Qh4 17. Rae1 Kh8 18. f5 gxf5 19. exf5 e4 20. Qc2 Be5 21. Kh1 Rg8 22. Rg1 Rad8 23. Ref1 Qh3 24. Qf2 Rxg1+ 25. Rxg1 Qf3+ 26. Qxf3 exf3 27. e4 Rg8 28. Rxg8+ Kxg8 29. Kg1 Bd4+ 30. Kf1 a6 31. e5 Bxe5 32. Kf2 Bxh2 33. Ne4 Be5 34. b3 Kf8 35. Kxf3 Ke7 36. Kg4 Bd4 37. Kf4 h6 38. Kg4 Kd7 39. Kh5 Be3 40. Kg4 c6 41. Nf6+ Kd6 42. dxc6 bxc6 43. Kh5 Bc1 44. Ng4 Ke7 45. Kh4 c5 46. Kh5 Bg5 47. a3 Bc1 48. a4 Bg5 49. a5 Bf4 50. Nf2 Be3 51. Ne4 Kd7 52. Nf6+ Kd6 53. Ng4 Bd2 54. Nxh6 Ke7 55. Ng8+ Kd8 56. Nh6 Ke8 57. Ng4 Bxa5 58. Ne5 Bc3 59. Nc4 Kd7 60. Kg5 Kc6 61. f6 a5 62. Kf5 Kb5 63. Nd6+ Kb4 64. Nxf7 Bxf6 65. Kxf6 Kxb3 66. Nd6 a4 67. Ne4 a3 68. Nxc5+ Kc4 69. Ne4 a2 70. Nd2+ Kc3 0-1

[Event "WTch-U16"]
[Site "Gyor HUN"]
[Date "2014.12.19"]
[Round "8.5"]
[White "Kantor, Gergely"]
[Black "Wang, Richard"]
[Result "0-1"]
[WhiteElo "2385"]
[BlackElo "2363"]
[PlyCount "138"]
[GameId "2130307663330185"]
[EventDate "2014.12.13"]
[EventType "team"]
[EventRounds "10"]
[EventCountry "HUN"]
[SourceTitle "The Week in Chess 1050"]
[Source "Mark Crowther"]
[SourceDate "2014.12.22"]
[SourceVersion "1"]
[SourceVersionDate "2014.12.22"]
[SourceQuality "2"]
[WhiteTeam "Hungary 1"]
[BlackTeam "Canada 1"]

1. d4 d5 2. c4 c6 3. Nf3 Nf6 4. e3 Bf5 5. Nc3 a6 6. Qb3 Ra7 7. a4 e6 8. a5 Nbd7 9. Nh4 Be4 10. Nxe4 Nxe4 11. Nf3 Bd6 12. Be2 O-O 13. O-O f5 14. g3 h5 15. h4 Qb8 16. Ne1 g5 17. hxg5 Bxg3 18. fxg3 Qxg3+ 19. Ng2 h4 20. Rf3 Qg4 21. Kh2 Nxg5 22. Qd1 Nxf3+ 23. Bxf3 Qg3+ 24. Kh1 e5 25. dxe5 Nxe5 26. Be2 Ng4 27. Bxg4 fxg4 28. Nf4 h3 29. Qe2 Re8 30. Nh5 Qh4 31. Qxg4+ Qxg4 32. Nf6+ Kf7 33. Nxg4 Re4 34. Nh2 Rxc4 35. Bd2 Ra8 36. Rf1+ Ke7 37. Bc3 c5 38. Rf5 d4 39. Rxc5 Rxc5 40. Bb4 d3 41. Bxc5+ Ke6 42. Nf3 Kd5 43. Bd4 Rf8 44. Nd2 Rf2 45. Bc3 Re2 46. e4+ Rxe4 47. Kh2 Re3 48. Bb4 Ke5 49. Nc4+ Ke4 50. Bd2 Re2+ 51. Kxh3 Rxd2 52. Nxd2+ Ke3 53. Nb1 d2 54. Nc3 Kd3 55. Kg4 Kc2 56. Kf4 Kxb2 57. Nd1+ Kc1 58. Ne3 d1=Q 59. Nxd1 Kxd1 60. Ke5 Kc2 61. Kd6 Kb3 62. Kc7 Ka4 63. Kb6 Kb4 64. Kxb7 Kxa5 65. Kc6 Kb4 66. Kd5 a5 67. Kd4 a4 68. Kd3 Kb3 69. Kd2 Kb2 0-1

[Event "WTch-U16"]
[Site "Gyor HUN"]
[Date "2014.12.20"]
[Round "9.8"]
[White "Radovic, Janko"]
[Black "Wang, Richard"]
[Result "0-1"]
[WhiteElo "2272"]
[BlackElo "2363"]
[PlyCount "104"]
[GameId "2130307663334386"]
[EventDate "2014.12.13"]
[EventType "team"]
[EventRounds "10"]
[EventCountry "HUN"]
[SourceTitle "The Week in Chess 1050"]
[Source "Mark Crowther"]
[SourceDate "2014.12.22"]
[SourceVersion "1"]
[SourceVersionDate "2014.12.22"]
[SourceQuality "2"]
[WhiteTeam "Serbia"]
[BlackTeam "Canada 1"]
[WhiteTeamCountry "SRB"]

1. e4 e6 2. d4 d5 3. Nc3 Bb4 4. e5 c5 5. a3 Bxc3+ 6. bxc3 Qa5 7. Bd2 Qa4 8. Qb1 c4 9. g3 Nc6 10. Nh3 Bd7 11. Nf4 O-O-O 12. Bg2 f6 13. exf6 Nxf6 14. O-O g5 15. Ne2 Rhg8 16. Qb2 b6 17. Rae1 Ne7 18. Qc1 h6 19. Kh1 Nf5 20. Ng1 Nd6 21. Nf3 Nb5 22. Ne5 Qxa3 23. Qxa3 Nxa3 24. Nxd7 Kxd7 25. Ra1 Nb5 26. Rfb1 Kc6 27. Ra4 Nd6 28. Rxa7 Ra8 29. Rba1 Rxa7 30. Rxa7 Nfe4 31. Be3 Nxc3 32. Re7 Rg6 33. h4 Nf5 34. Rf7 gxh4 35. gxh4 Nxh4 36. Bh3 Ne4 37. Rf4 Nf5 38. Bxf5 exf5 39. Rxf5 b5 40. Rf8 Rf6 41. Ra8 Nxf2+ 42. Kg2 Ng4 43. Ra6+ Kb7 44. Rxf6 Nxf6 45. Bxh6 b4 46. Kf3 b3 47. cxb3 cxb3 48. Bc1 Kc6 49. Ke3 Kb5 50. Kd3 Kb4 51. Bb2 Ne4 52. Ke3 Nc3 0-1

[Event "WTch-U16"]
[Site "Gyor HUN"]
[Date "2014.12.21"]
[Round "10.4"]
[White "Costachi, Mihnea"]
[Black "Wang, Richard"]
[Result "1/2-1/2"]
[WhiteElo "2356"]
[BlackElo "2363"]
[PlyCount "100"]
[GameId "2130307663338562"]
[EventDate "2014.12.13"]
[EventType "team"]
[EventRounds "10"]
[EventCountry "HUN"]
[SourceTitle "The Week in Chess 1050"]
[Source "Mark Crowther"]
[SourceDate "2014.12.22"]
[SourceVersion "1"]
[SourceVersionDate "2014.12.22"]
[SourceQuality "2"]
[WhiteTeam "Romania"]
[BlackTeam "Canada 1"]
[WhiteTeamCountry "ROU"]

1. d4 d5 2. c4 c6 3. cxd5 cxd5 4. Nc3 Nf6 5. Bf4 Nc6 6. e3 Bf5 7. Qb3 Na5 8. Qa4+ Bd7 9. Bb5 e6 10. Nf3 a6 11. Bxd7+ Nxd7 12. O-O Be7 13. Rac1 Nc6 14. Qb3 Qb6 15. Nd2 O-O 16. Qxb6 Nxb6 17. Bc7 Nd7 18. Rfd1 Rfc8 19. Bg3 b5 20. a4 b4 21. Ne2 Na5 22. b3 f6 23. Bc7 Nb7 24. Rc6 Nd8 25. Rc2 e5 26. Rdc1 Ne6 27. f4 exd4 28. exd4 g6 29. Ba5 Rxc2 30. Rxc2 Kf7 31. Nf1 Bd8 32. Bxd8 Nxd8 33. Ne3 Ke6 34. f5+ Kd6 35. Nf4 Nc6 36. fxg6 hxg6 37. Nxg6 Nxd4 38. Rd2 Nxb3 39. Rxd5+ Kc7 40. Rd1 a5 41. Nd5+ Kb7 42. h4 Ne5 43. h5 Nxg6 44. hxg6 Rd8 45. g7 Rg8 46. Ne7 Rxg7 47. Rd7+ Ka8 48. Rd8+ Kb7 49. Rd7+ Ka8 50. Rd8+ Kb7 1/2-1/2

[Event "World op"]
[Site "Arlington USA"]
[Date "2014.07.03"]
[Round "2"]
[White "Wang, Richard"]
[Black "Holt, Conrad"]
[Result "1-0"]
[WhiteElo "2365"]
[BlackElo "2554"]
[PlyCount "79"]
[GameId "2130307669604197"]
[EventDate "2014.06.30"]
[EventType "swiss"]
[EventRounds "9"]
[EventCountry "USA"]
[SourceTitle "10 Days #404"]
[Source "Chess Mix"]

1. d4 d5 2. Nf3 Nf6 3. e3 c5 4. c4 cxd4 5. exd4 e6 6. Nc3 Bb4 7. Bd3 dxc4 8. Bxc4 O-O 9. O-O h6 10. a3 Bxc3 11. bxc3 Qc7 12. Qe2 Nbd7 13. Bd2 b6 14. Bd3 Bb7 15. c4 Rad8 16. Rfe1 Ng4 17. h3 Bxf3 18. Qxf3 Qh2+ 19. Kf1 Nde5 20. dxe5 Nxe5 21. Rxe5 Qh1+ 22. Ke2 Qxa1 23. Re3 f5 24. Rxe6 Qxa3 25. g4 Rd6 26. Rxd6 Qxd6 27. Bxf5 Qe5+ 28. Qe3 Rxf5 29. gxf5 Qxf5 30. Qf3 Qe6+ 31. Kd3 Qg6+ 32. Kc3 Qe8 33. Kb3 Qg6 34. Bc3 Kh7 35. Qd5 Qb1+ 36. Bb2 Qg6 37. Qd7 a5 38. f4 Qg2 39. Ka2 a4 40. Qxg7+ 1-0